000 00616cam a2200217 i 4500
005 20260322212031.0
008 data
010 _a 75036043
020 _a0807029580
020 _a9780807029589
050 0 _aHQ1206
_b.M52
090 _aHQ 1206 M615t 1976
100 1 _aMiller, Jean Baker.
245 1 0 _aToward a new psychology of women /
_cJean Baker Miller.
260 0 _aBoston :
_bBeacon Press,
_cc1976.
300 _axi, 143 p. ;
_c21 cm.
504 _aIncludes bibliographical references and index.
590 _aIncludes bibliographical references and index.
650 0 _aWomen
_xPsychology.
001 data
999 _c725
_d725